| 000 | 00551nam a2200157Ia 4500 | ||
|---|---|---|---|
| 999 |
_c3659 _d3659 |
||
| 020 | _a81-85835-44-6 | ||
| 082 | _aRR 016.3046072 POP- | ||
| 245 | 0 | _aPopulation research centres in India : an annotated bibliography and abstracts of research :1994-2001 | |
| 260 |
_aChandigarh _bCentre for Research in Rural and Industrial Development _c2004 |
||
| 300 | _axv, 569p. | ||
| 504 | _aIncludes index | ||
| 650 | _aPopulation research - Bibliography - India - 1994-2001 | ||
| 650 | _aIndia - Abstracts - 1994-2001 | ||
| 700 | _aGopal Krishan | ||
| 942 | _cBK | ||